00313nam a22001097a 4500082002900000100002000029245004100049260005000090300001800140526003700158650000800195 a526.9bJAMcL-tech, P-94 aJameson, Alex H aAdvanced surveying /cAlex H Jameson aLondon :bSIR ISAAC Pitman & sons, Ltdc1944. avii, 360 P. : a0b0c0d526_900000000000000_JAM aMCE